100 najlepszych piłkarzy z Premier League w EA FC 24 - Statystyki

Ogólne statystyki
  • Ten quiz został rozwiązany 303 razy
  • Średni wynik to 61 z 100
Statystyki odpowiedzi
Overall Klub Narodowość Zawodnik % Poprawnych
91 Manchester City Norwegia Erling Haaland
98%
91 Manchester City Belgia Kevin de Bruyne
97%
89 Liverpool Brazylia Alisson
95%
89 Liverpool Egipt Mohamed Salah
95%
89 Manchester City Hiszpania Rodri
93%
87 Tottenham Korea Płd. Hueng-min Son
91%
89 Manchester City Portugalia Ruben Dias
91%
88 Manchester City Brazylia Ederson
90%
89 Liverpool Holandia Virgil van Dijk
90%
88 Manchester City Portugalia Bernardo Silva
89%
89 Manchester United Brazylia Casemiro
89%
87 Arsenal Norwegia Martin Odegaard
89%
88 Manchester United Portugalia Bruno Fernandes
88%
86 Arsenal Anglia Bukayo Saka
87%
86 Liverpool Szkocja Andrew Robertson
84%
84 Chelsea Brazylia Thiago Silva
84%
85 Manchester United Kamerun Andre Onana
81%
86 Liverpool Anglia Trent Alexander-Arnold
81%
85 Manchester City Anglia Phil Foden
80%
85 Aston Villa Argentyna Emiliano Martinez
77%
85 Arsenal Ghana Thomas Partey
77%
84 Manchester United Argentyna Lisandro Martinez
76%
86 Newcastle Włochy Sandro Tonali
76%
85 Liverpool Portugalia Diogo Jota
75%
85 Manchester City Anglia John Stones
75%
85 Manchester United Anglia Marcus Rashford
74%
85 Manchester United Francja Raphael Varane
74%
84 Liverpool Kolumbia Luis Diaz
73%
85 Manchester City Anglia Jack Grealish
72%
84 Manchester City Anglia Kyle Walker
71%
82 Liverpool Urugwaj Darwin Nunez
70%
84 Arsenal Brazylia Gabriel Martinelli
70%
80 Arsenal Ukraina Oleksandr Zinchenko
70%
86 Chelsea Francja Christopher Nkunku
69%
84 Arsenal Brazylia Gabriel
69%
83 Manchester United Dania Christian Eriksen
67%
85 Arsenal Anglia Declan Rice
67%
81 West Ham Meksyk Edson Alvarez
67%
84 Arsenal Brazylia Gabriel Jesus
67%
80 Manchester City Argentyna Julian Alvarez
67%
82 Manchester City Chorwacja Josko Gvardiol
66%
82 Liverpool Argentyna Alexis Mac Allister
65%
82 Manchester City Szwajcaria Manuel Akanji
65%
82 Manchester City Chorwacja Mateo Kovacić
65%
83 Arsenal Francja William Saliba
65%
81 Newcastle Szwecja Alexander Isak
63%
83 Chelsea Argentyna Enzo Fernandez
63%
81 Manchester City Holandia Nathan Ake
63%
84 Liverpool Hiszpania Thiago Alcantara
63%
85 Newcastle Anglia Kieran Trippier
62%
83 Liverpool Holandia Cody Gakpo
61%
82 Liverpool Węgry Dominik Szoboszlai
61%
83 Arsenal Włochy Jorginho
61%
83 Manchester United Anglia Luke Shaw
60%
82 Arsenal Niemcy Kai Havertz
59%
84 Arsenal Anglia Aaron Ramsdale
58%
84 Newcastle Brazylia Bruno Guimaraes
58%
80 Manchester United Portugalia Diogo Dalot
58%
82 Tottenham Argentyna Christian Romero
57%
81 Liverpool Francja Ibrahima Konate
56%
84 Newcastle Anglia Nick Pope
56%
83 Chelsea Anglia Raheem Sterling
56%
81 Manchester United Brazylia Antony
55%
81 Tottenham Szwecja Dejan Kulusevski
54%
80 Tottenham Brazylia Richarlison
54%
84 Aston Villa Francja Moussa Diaby
53%
80 Liverpool Japonia Wataru Endo
53%
81 Arsenal Belgia Leandro Trossard
52%
84 Chelsea Anglia Reece James
52%
83 Tottenham Francja Hugo Lloris
49%
84 Tottenham Anglia James Maddison
49%
82 Everton Anglia Jordan Pickford
49%
81 Newcastle Paragwaj Miguel Almiron
47%
83 Aston Villa Hiszpania Pau Torres
47%
84 Tottenham Dania Pierre-Emile Hojbjerg
47%
83 Newcastle Holandia Sven Botman
46%
80 Manchester United Francja Anthony Martial
45%
83 Fulham Portugalia Joao Palhinha
45%
82 Tottenham Urugwaj Rodrigo Bentancur
45%
82 Newcastle Szwajcaria Fabian Schar
44%
81 West Ham Brazylia Lucas Paqueta
44%
82 Tottenham Włochy Gugliermo Vicario
43%
82 Newcastle Brazylia Joelinton
42%
81 Manchester United Anglia Mason Mount
41%
81 Tottenham Hiszpania Pedro Porro
41%
80 Manchester United Anglia Aaron Wan-Bissaka
40%
82 Aston Villa Belgia Youri Tielemans
40%
82 Newcastle Anglia Callum Wilson
39%
82 Manchester United Anglia Jadon Sancho
38%
81 Fulham Niemcy Bernd Leno
36%
81 Chelsea Anglia Ben Chilwell
35%
82 Brentford Holandia Mark Flekken
35%
81 Tottenham Argentyna Giovanni Lo Celso
31%
81 Everton Portugalia Betuncal
30%
81 Brighton Anglia Lewis Dunk
30%
80 Aston Villa Włochy Nicolo Zaniolo
30%
81 Aston Villa Brazylia Diego Carlos
27%
81 Nottingham Forest WKS Ibrahim Sangare
26%
81 Everton Holandia Arnaut Danjuma
25%
81 Nottingham Forest Grecja Odyseas Vlachodimos
24%
Nie znaleziono quizów pasujących do podanych kryteriów
Rozkład punktacji
Procent ludzi z każdym wynikiem
Percentyl według liczby udzielonych odpowiedzi
Twoja historia wyników
Nie rozwiązałeś tego quizu